Fundamentals of Financial Accounting

Bibliographic Details
Main Authors: Mohd Nizal Haniff , 1963- (Author), Anuar Nawawi (Author), Intan Salwani Mohamed (Author), Rodziah Abd. Samad (Author)
Format: Book
Language:English
Published: Shah Alam, Selangor : Oxford Fajar Sdn. Bhd. 2018
Edition:Second edition
Subjects:

MARC

LEADER 00000cam a2200000 7i4500
001 0000029246
005 20241126.0
008 210507 my eng
020 |a 9789834726553 
040 |a INS   |b eng   |e rda 
090 0 0 |a HF5636   |b M65 2018 
100 0 |a Mohd Nizal Haniff ,   |d 1963- ,   |e author 
245 1 0 |a Fundamentals of Financial Accounting   |c Mohd Nizal Haniff, Anuar Nawawi, Rodziah Abd Samad, Intan Salwani Mohamed 
250 |a Second edition 
264 1 |a Shah Alam, Selangor :   |b Oxford Fajar Sdn. Bhd.   |c 2018 
264 4 |c ©2018 
300 |a xi, 385 pages ;   |c 26 cm. 
336 |a text  |2 rdacontent 
337 |a unmediated  |2 rdamedia 
338 |a volume  |2 rdacarrier 
500 |a Inlcudes questions and exercises 
650 0 |a Accounting. 
700 0 |a Anuar Nawawi ,   |e author 
700 0 |a Intan Salwani Mohamed ,   |e author 
700 0 |a Rodziah Abd. Samad ,   |e author 
999 |a 1000004223   |b BOOK   |c Open Shelf   |e Default branch